000 00700nam a22002177a 4500
003 UA-OsUOA
001 39538
007 ta
008 20060621b un ||||| |||| 00| 0 ukr d
100 _aБухштаба Б.Я.
090 _a81,0:011
_bБ94
942 _cBK
040 _aUA-OsUOA
_cUA-OsUOA
_dUA-OsUOA
245 _aБиблиография художественной литературы и литературоведения
300 _a250 с.
955 _a0
080 _a81,0:011
260 _aМ.
_bСоветская Россия
_c1960
650 7 _a8 Мовознавство. Художня література. Літературознавство
_2UDC
999 _c325679
_d325679